Three plays /

Bibliographic Details
Main Author: Giraudoux, Jean, 1882-1944
Format: Book
Language:English
French
Published: New York : Hill and Wang, [1964]
Edition:[1st ed.].
Series:A Mermaid dramabook, MD31

MARC

Tag First Indicator Second Indicator Subfields
LEADER 00000cam a2200000 4500
001 in00000697367
005 20151016052515.0
008 740415s1964 nyu 00000 eng u
010 |a  64057870  
035 |a (OCoLC)00856877 
035 |9 ADB6912AM 
040 |c OUN  |d TXA  |d UtOrBLW 
041 1 |a eng  |a fre 
049 |a TXAM  |c [460637] 
050 0 |a PQ2613.I74  |b T43 
082 0 |a 842.912 
092 |a 842  |b G522th 
100 1 |a Giraudoux, Jean,  |d 1882-1944. 
245 1 0 |a Three plays /  |c Translated by Phyllis la Farge with Peter H. Judd. 
250 |a [1st ed.]. 
264 1 |a New York :  |b Hill and Wang,  |c [1964] 
300 |a 247 pages ;  |c 20 cm. 
336 |a text  |b txt  |2 rdacontent 
337 |a unmediated  |b n  |2 rdamedia 
338 |a volume  |b nc  |2 rdacarrier 
490 0 |a A Mermaid dramabook, MD31 
500 |a "Volume 2." 
505 0 |a Siegfried.--Amphitryon 38.--Electra. 
740 0 |a Siegfried. 
740 0 |a Amphitryon 38. 
740 0 |a Electra. 
999 |a MARS 
999 f f |s 3b26a04e-62fd-3f55-8233-8a79edb35124  |i d6b641f7-5943-3b81-8ca0-35229749a2c5  |t 0 
952 f f |p normal  |a Texas A&M University  |b College Station  |c Sterling C. Evans Library  |d Evans: Library Stacks  |t 0  |e PQ2613.I74 T43  |h Library of Congress classification  |i unmediated -- volume  |m A14801364713 
998 f f |a PQ2613.I74 T43  |t 0  |l Evans: Library Stacks